Corpus suum tradere (Dan 3,28 [95]; 2Makk 7,37; 1Kor 13,3)

Saved in:  
Bibliographic Details
Main Author: Bauer, Johannes Baptist 1927-2008 (Author)
Format: Print Article
Language:German
Check availability: HBZ Gateway
Interlibrary Loan:Interlibrary Loan for the Fachinformationsdienste (Specialized Information Services in Germany)
Published: 2007
In: Novum Testamentum
Year: 2007, Volume: 49, Issue: 2, Pages: 149-151
Standardized Subjects / Keyword chains:B New Testament / Textual criticism
IxTheo Classification:HB Old Testament
HC New Testament
Further subjects:B Bible. Makkabäer 2. 7,37
B Bible. Daniel 3,28
B Bible. Corinthians 1. 13,3
Parallel Edition:Electronic

MARC

LEADER 00000naa a22000002c 4500
001 1650437323
003 DE-627
005 20190311212335.0
007 tu
008 190311s2007 xx ||||| 00| ||ger c
035 |a (DE-627)1650437323 
035 |a (DE-576)519515625 
035 |a (DE-599)BSZ519515625 
040 |a DE-627  |b ger  |c DE-627  |e rakwb 
041 |a ger 
084 |a 1  |2 ssgn 
100 1 |0 (DE-588)118819550  |0 (DE-627)194481972  |0 (DE-576)160196736  |4 aut  |a Bauer, Johannes Baptist  |d 1927-2008 
109 |a Bauer, Johannes Baptist 1927-2008  |a Bauer, Joh. B. 1927-2008  |a Bauer, Johannes B. 1927-2008  |a Bauer, Johannes Bapt. 1927-2008  |a Bauer, J. B. 1927-2008  |a Bauer, Johannes Baptista 1927-2008  |a Bauer, Johannes 1927-2008 
245 1 0 |a Corpus suum tradere (Dan 3,28 [95]; 2Makk 7,37; 1Kor 13,3) 
264 1 |c 2007 
336 |a Text  |b txt  |2 rdacontent 
337 |a ohne Hilfsmittel zu benutzen  |b n  |2 rdamedia 
338 |a Band  |b nc  |2 rdacarrier 
630 0 7 |0 (DE-588)1069912867  |0 (DE-627)823023265  |0 (DE-576)429590695  |a Bibel  |p Korintherbrief  |n 1.  |n 13,3  |2 gnd 
630 0 7 |0 (DE-588)1069757810  |0 (DE-627)822362139  |0 (DE-576)429443617  |a Bibel  |p Daniel  |n 3,28  |2 gnd 
630 0 7 |0 (DE-588)1069926892  |0 (DE-627)823036103  |0 (DE-576)429612591  |a Bibel  |p Makkabäer  |n 2.  |n 7,37  |2 gnd 
652 |a HB:HC 
689 0 0 |d u  |0 (DE-588)4041771-2  |0 (DE-627)106217658  |0 (DE-576)209046724  |a Bibel  |2 gnd  |p Neues Testament 
689 0 1 |d s  |0 (DE-588)4059657-6  |0 (DE-627)104174838  |0 (DE-576)209131551  |2 gnd  |a Textkritik 
689 0 |5 (DE-627) 
773 0 8 |i In  |t Novum Testamentum  |d Leiden : Brill, 1956  |g 49(2007), 2, Seite 149-151  |w (DE-627)12948024X  |w (DE-600)204277-0  |w (DE-576)014862662  |x 0048-1009  |7 nnas 
773 1 8 |g volume:49  |g year:2007  |g number:2  |g pages:149-151 
776 |i Erscheint auch als  |n elektronische Ausgabe  |w (DE-627)1536892165  |k Electronic 
935 |a BIIN 
951 |a AR 
BIB |a 1 
BIR |a 07013003_07013003,54003028_54003028,70007037_70007037  |b biblesearch 
ELC |b 1 
ITA |a 1  |t 1 
LOK |0 000 xxxxxcx a22 zn 4500 
LOK |0 001 3336927587 
LOK |0 003 DE-627 
LOK |0 004 1650437323 
LOK |0 005 20190311212335 
LOK |0 008 190311||||||||||||||||ger||||||| 
LOK |0 035   |a (DE-Tue135-1)172433 
LOK |0 040   |a DE-Tue135-1  |c DE-627  |d DE-Tue135-1 
LOK |0 852   |a DE-Tue135-1 
LOK |0 852 1  |c FTHNT097509/49/BRJ  |m p  |9 00 
LOK |0 852 2  |b Z 4/564  |9 00 
LOK |0 935   |a iZSA 
LOK |0 936ln  |0 1442044136  |a HC 
LOK |0 936ln  |0 1442044128  |a HB 
LOK |0 938   |k p 
LOK |0 939   |a 11-03-19  |b l12 
ORI |a SA-MARC-ixtheoa001.raw 
STA 0 0 |a Textual criticism,Text criticism 
STB 0 0 |a Critique textuelle 
STC 0 0 |a Crítica textual 
STD 0 0 |a Critica testuale 
STE 0 0 |a 文本批判,文本校勘 
STF 0 0 |a 文本批判,文本校勘 
STG 0 0 |a Crítica textual 
STH 0 0 |a Текстовая критика 
STI 0 0 |a Κριτική κειμένου,Κειμενική κριτική 
SUB |a BIB 
SYG 0 0 |a Centenary translation of the New Testament,Bibel,Neues Testament,Septembertestament,Das Newe Testament Deutzsch,Bibel,Septembertestament,Bibel,Die Botschaft Gottes,Greek New Testament,Greek New Testament,The Greek New Testament,GNT,Neues Testament,Novum Testamentum,Testamentum novum,Nor Ktakaran,Novijat Zavet,Novyj Zapovit,Das Neue Testament,Le Nouveau Testament,Il Nouv Testamaint,The New Testament,Nuevo Testamento,Novʹy Zákon,Novi Javjet,Novo Testamento,Novyj Zavet,Nowy Testament,Nowý Zákon,U`j Szövetség,U`j Testamentom,Die Heilige Schrift des Neuen Testaments,Det Ny Testamente,Det Nya Testamentet,Il Nuovo Testamento,Ds Nöie Teschtamänt,Hab-berit ha-ḥadaša,Sifrê hab-berit ha-ḥadaša,Niev Testament,Novum Testamentum Graece,The Greek New Testament,Novum Testamentum Graece et Latine,E Kainē diathēkē,al- ʿAhd al-ǧadīd li rabbinā wa muḫalliṣinā Yasūʿa ăl-masīḥ,al- ʿAhd al-ǧadīd,S@nöie Teschdamänt,Se Wsi Testamenti,Tèstamènt nobo,Mkpaman Elat,Bible,N.T.,Uus Testament